Imigrácia ako predmet xenoslovastiky a kritickej analýzy diskurzu na Slovensku
Postoj spoločnosti k istému jazykovo, kultúrne, sociálne či ideologicky "cudzorodému" javu (xenosu). Prejavy vzťahov cez reč a verejné vzťahy ľudí jazykovo sa spájajúce s dialogickou komunikáciou.
Na minha lista:
| Autor principal: | |
|---|---|
| Outros Autores: | |
| Formato: | Capítulo de Livro |
| Idioma: | eslovaco |
| Assuntos: | |
| Tags: |
Sem tags, seja o primeiro a adicionar uma tag!
|
MARC
| LEADER | 00000naa$a2200000$$$4500 | ||
|---|---|---|---|
| 001 | 0223896 | ||
| 005 | 20221019163355.8 | ||
| 041 | 0 | |a slo | |
| 044 | |a SK | ||
| 245 | 1 | 0 | |a Imigrácia ako predmet xenoslovastiky a kritickej analýzy diskurzu na Slovensku |c Oľga Orgoňová, Alena Bohunická |
| 520 | |a Postoj spoločnosti k istému jazykovo, kultúrne, sociálne či ideologicky "cudzorodému" javu (xenosu). Prejavy vzťahov cez reč a verejné vzťahy ľudí jazykovo sa spájajúce s dialogickou komunikáciou. | ||
| 610 | 2 | 0 | |a politika migračná |
| 610 | 2 | 0 | |a migrácia |
| 610 | 2 | 0 | |a politika azylová |
| 610 | 2 | 0 | |a utečenci |
| 610 | 2 | 0 | |a komunikácia interkultúrna |
| 610 | 2 | 0 | |a jazyky cudzie |
| 610 | 2 | 0 | |a kultúra |
| 610 | 2 | 0 | |a náboženstvo |
| 100 | 1 | |a Orgoňová, Oľga | |
| 700 | 1 | |a Bohunická, Alena | |